000 00504nam a22001937a 4500
001 3861
003 FISKH
005 20240520085002.0
008 240520b cb ||||| |||| 00| 0 fre d
020 _a9782916291390
040 _aFISKH
_beng
_cFISKH
_dFISKH
082 _a320.01
100 _aCasanova, Jean-Claude
245 _aCommentaire Numero 148/Hiver 2014-2015
260 _aParis :
_bRevue trimestrielle,
_c2014
300 _a954 pages :
_c26 cm
500 _aTitle from cover
942 _2ddc
_cBK
_n0
999 _c3861
_d3861